000 00437nab a2200145Ia 4500
003 ES-SlBCS
005 20210601132514.0
008 140529s1983 xxu||||| |||| 00| 0 ita d
041 _aita
100 1 _aRusso, François
_910461
245 0 0 _aL'educazione degli adulti
_c François Russo
650 0 4 _aEducación de Adultos
_9128539
773 0 _tCivilta Cattolica, la
_gvol. 134-IV, nº. 3201, 1983, págs. 239-248
_wRev122
942 _cAR
999 _c581009
_d581009